000 00549nam a2200181 i 4500
001 52200
003 ES-MaACL
005 20230906162536.0
007 t|
008 030826s1966 an ||||1| cat d
100 1 _aChauchard, Paul.
_938194
245 1 0 _aAprende a estimar
_b: regulació dels naixements i moral sexual /
_cPaul Chauchard ; [traduit per Joan Riera].
250 _a[1ª ed.].
260 _aAndorra :
_bCasal i Vall,
_c[1966]
300 _a236 p. ;
_c20 cm.
700 1 _aRiera, Joan.
_997107
852 _aES-MaACL
_jC-30009
_bR.60458
999 _c52200
_d52200